Freguesias da Póvoa de Lanhoso - Statistics

Estatísticas Gerais
  • Esse quiz foi jogado 55 vezes
  • A pontuação média é 20 de 29
Estatísticas das Respostas
Resposta % Correto
Lanhoso
100%
Póvoa de Lanhoso
100%
Monsul
94%
Taíde
88%
Águas Santas
81%
Geraz do Minho
81%
Vilela
75%
Ajude
69%
Campos
69%
Fonte Arcada
69%
Friande
69%
Louredo
69%
Sobradelo da Goma
69%
Verim
69%
Brunhais
63%
Covelas
63%
Esperança
63%
Garfe
63%
Rendufinho
63%
Calvos
56%
Ferreiros
56%
Moure
56%
Santo Emilião
56%
São João de Rei
56%
Serzedelo
56%
Travassos
56%
Frades
50%
Galegos
50%
Oliveira
44%
Nenhum quiz correspondente encontrado
Distribuição das Pontuações
Porcentagem de Pessoas com Cada Pontuação
Percentil de Números Respondidos
Sua Pontuação Histórica
Você não jogou esse quiz